Najpopularniejsi zmarli w Google 2025 - Statystyki

Ogólne statystyki
  • Ten quiz został rozwiązany 24 razy
  • Średni wynik to 4 z 10
Statystyki odpowiedzi
Funkcja Powód śmierci Nr Imię i nazwisko % Poprawnych
argentyński duchowny rzymskokatolicki udar mózgu 3 Jorge Mario Bergoglio
79%
portugalski piłkarz, który grał na pozycji napastnika bądź skrzydłowego wypadek na autostradzie 5 Diogo Jota
63%
wokalista heavymetalowego zespołu Black Sabbath zawał serca 4 Ozzy Osbourne
63%
polski DJ i producent muzyczny samobójstwo poprzez wypadek samochodowy 7 Michał Orzechowski
47%
amerykański prawicowy aktywista polityczny postrzał w szyję 2 Charlie Kirk
42%
polski kucharz, autor książek kucharskich i osobowość telewizyjna złośliwy rak jelita, rak dwunastnicy 8 Tomasz Jakubiak
42%
polska aktorka kabaretowa i teatralna, autorka tekstów i prezenterka radiowa glejak (nowotwór) 1 Joanna Kołaczkowska
32%
polska dziennikarka związana z Programem Trzecim Polskiego Radia wypadek na autostradzie 6 Katarzyna Stoparczyk
26%
uczestniczka drugiej edycji programu „Hotel Paradise” samobójstwo poprzez powieszenie (depresja) 9 Sonia Szklanowska
11%
polska urzędniczka i sekretarka, współpracownica prezesa PiS zawał tylnej ściany serca 10 Barbara Skrzypek
5%
Nie znaleziono quizów pasujących do podanych kryteriów
Rozkład punktacji
Procent ludzi z każdym wynikiem
Percentyl według liczby udzielonych odpowiedzi
Twoja historia wyników
Nie rozwiązałeś tego quizu